| 000 | 01073cam a22003255i 4500 | ||
|---|---|---|---|
| 999 |
_c41347 _d41347 |
||
| 001 | 21487647 | ||
| 003 | OSt | ||
| 005 | 20210720122328.0 | ||
| 008 | 200401s2020 pau 000 0 eng | ||
| 010 | _a 2020936245 | ||
| 020 | _a9788131257739 | ||
| 020 |
_a9780323597128 _q(hardback) |
||
| 020 |
_z9780323640039 _q(ebook) |
||
| 040 |
_aDLC _beng _erda _cDLC |
||
| 042 | _apcc | ||
| 082 |
_a612 _bHAL/T |
||
| 100 | 1 |
_aHall, John E. _d1946- _eauthor. _98651 _q(John Edward), |
|
| 245 | 1 | 0 |
_aGuyton and hall textbook of medical physiology / _cJohn E. Hall and Michael E. Hall. |
| 250 | _a14. | ||
| 263 | _a2006 | ||
| 264 | 1 |
_aPhiladelphia : _bElsevier, _bRelx India _c2020. |
|
| 300 | _a1011pages | ||
| 336 |
_atext _btxt _2rdacontent |
||
| 337 |
_aunmediated _bn _2rdamedia |
||
| 338 |
_avolume _bnc _2rdacarrier |
||
| 520 |
_a"This is a comprehensive textbook of medical physiology"-- _cProvided by publisher. |
||
| 906 |
_a0 _bibc _corignew _d2 _eepcn _f20 _gy-gencatlg |
||
| 942 |
_2ddc _cBK _h612 _iHAL/T _k612 _mHAL/T |
||